| 000 | 02087cam a22004097a 4500 | ||
|---|---|---|---|
| 999 |
_c531665 _d531665 |
||
| 001 | 14685556 | ||
| 003 | NUST | ||
| 005 | 20191023112059.0 | ||
| 008 | 070104s2007 dcua b 001 0 eng | ||
| 010 | _a 2006037029 | ||
| 020 | _a9780821367490 | ||
| 020 | _a0821367498 | ||
| 020 | _a0821367501 (electronic) | ||
| 020 | _a9780821367506 (electronic) | ||
| 035 | _a(OCoLC)ocm77573776 | ||
| 035 | _a(OCoLC)77573776 | ||
| 038 | _aMSOHAIL | ||
| 040 |
_aDLC _cDLC _dYDX _dBAKER _dBTCTA _dYDXCP _dHNW _dDLC |
||
| 043 |
_aa-cc--- _aa-ii--- |
||
| 050 | 0 | 0 |
_aHF1604 _b.D36 2007 |
| 082 | 0 | 0 |
_a337.51 _222 |
| 245 | 0 | 0 |
_aDancing with giants : _bChina, India, and the global economy / _cedited by L. Alan Winters and Shahid Yusuf. |
| 260 |
_aWashington, DC : _bWorld Bank : _bInstitute of Policy Studies, _cc2007. |
||
| 300 |
_axvi, 272 p. : _bill. ; _c23 cm. |
||
| 504 | _aIncludes bibliographical references (p. 243-264) and index. | ||
| 505 | 0 | _aChina and India reshape global industrial geography / Shahid Yusuf, Kaoru Nabeshima, and Dwight H. Perkins -- Competing with giants : who wins, who loses? / Betina Dimaranan, Elena Ianchovichina, and Will Martin -- International financial integration of China and India / Philip R. Lane and Sergio L. Schmukler -- Energy and emissions : local and global effects of the giants' rise / Zmarak Shalizi -- Partially awakened giants : uneven growth in China and India / Shubham Chaudhuri and Martin Ravallion -- Governance and economic growth / Philip Keefer. | |
| 651 | 0 |
_aChina _xForeign economic relations. _924603 |
|
| 651 | 0 |
_aIndia _xForeign economic relations. _924604 |
|
| 651 | 0 |
_aChina _xEconomic policy _y2000- _95070 |
|
| 651 | 0 |
_aIndia _xEconomic policy _y1991- _924605 |
|
| 700 | 1 |
_aWinters, L. Alan. _924606 |
|
| 700 | 1 |
_aYusuf, Shahid, _d1949- _924607 |
|
| 856 | 4 | 1 |
_3Table of contents only _uhttp://www.loc.gov/catdir/toc/ecip077/2006037029.html |
| 906 |
_a7 _bcbc _corignew _d1 _eecip _f20 _gy-gencatlg |
||
| 942 |
_2ddc _cBK |
||